Beleriand - with map - Statistics

General Stats
  • This quiz has been taken 324 times
  • The average score is 8 of 14
Answers on the Map
Answers color-coded by a green-red scale on the quiz's map according to % correct below.
 
Answer Stats
Answer % Correct
Doriath
89%
Gondolin
82%
Angband
76%
Nargothrond
70%
Hithlum
66%
Ossiriand
60%
Dor-lómin
56%
The Falas
52%
{Maedhros}'s lands
50%
Thargelion
44%
Dorthonion
42%
{Maglor}'s lands
42%
{Amrod and Amras}'s lands
28%
Himlad
20%
No matching quizzes found
Score Distribution
Percent of People with Each Score
Percentile by Number Answered
Your Score History
You have not taken this quiz